[Event "UKR-ch (Women) 82nd"]
[Site "Poltava"]
[Date "2023.12.12"]
[Round "4"]
[White "Baglay, Kseniya"]
[Black "Sharova, Elyzaveta"]
[Result "0-1"]
[WhiteElo "1710"]
[BlackElo "1596"]
[PlyCount "138"]
[EventDate "2023.12.09"]
[EventType "swiss"]
[EventRounds "9"]
[EventCountry "UKR"]
[SourceTitle "CB51_2023"]
[SourceDate "2023.12.20"]
[SourceVersion "1"]
[SourceVersionDate "2023.12.20"]
[SourceQuality "1"]

1. d4 Nf6 2. Bf4 g6 3. Nf3 Bg7 4. h3 0-0 5. Nbd2 c5 6. e3 Nc6 7. c3 cxd4 8. exd4 d6 9. Be2 Re8 10. 0-0 e5 11. dxe5 dxe5 12. Bg5 Qc7 13. Bb5 a6 14. Ba4 b5 15. Bc2 Bb7 16. Re1 b4 17. cxb4 Nxb4 18. Bb1 h6 19. Bxf6 Bxf6 20. Qb3 Nd5 21. Be4 Rad8 22. Rac1 Qe7 23. Nf1 Ba8 24. a3 Nf4 25. Rc4 Bxe4 26. Rcxe4 Nd3 27. R1e3 Nc5 28. Qb4 Nxe4 29. Qxe7 Rxe7 30. Rxe4 Rd1 31. g3 Rb1 32. b4 Rb3 33. Ne3 Rd7 34. a4 Bg7 35. Kg2 Rb7 36. Nd5 Rd3 37. Ne3 f5 38. Rc4 e4 39. Nh4 Rd6 40. Nc2 Kh7 41. Kf1 Rbb6 42. Ng2 Rdc6 43. Nge3 Rxc4 44. Nxc4 Rb8 45. Ke2 Bf8 46. Na5 Rc8 47. Kd1 Rc3 48. Kd2 Bg7 49. Nb7 Rd3+ 50. Ke2 Bc3 51. Kf1 Rd2 52. Ne3 Bxb4 53. Nc4 Rd4 54. Ne5 Bf8 55. a5 Rd5 56. Nc6 Rd7 57. Nbd8 Be7 58. Nf7 Bf6 59. Nfe5 Bxe5 60. Nxe5 Rd5 61. Nc4 Rc5 62. Nd6 Rxa5 63. g4 Kg7 64. gxf5 gxf5 65. Ke2 Kf6 66. Ke3 Ra3+ 67. Kd4 Rd3+ 68. Kc5 Rxd6 69. Kxd6 Kg5 0-1